000 00569nam a22002177a 4500
005 20170124110104.0
010 _a734086
020 _c00.00
_a0575014253
035 _a734086
037 _bCen Lib/Ret
040 _aDPL
_bEN
082 _aS
_bCRI
100 _aCrispin, Edmund
_927834
245 _aThe long divorce :
_cby Edmund Crispin
_ba detective story
260 _aLondon
_bVictor Gollancz
_c1972
270 _bLondon
300 _a223p.
_c17cm(Hb)
650 _aEnglish literature
_990171
650 _aSotries
_927836
942 _2ddc
_cEN
_hS
_mCRI
999 _c129937
_d129937